000 00517nam a2200193Ia 4500
005 20250508161804.0
008 008 250505s9999 xx 000 0 eng d
037 _aTextual
040 _aFEDL
_beng
_cFEDL
041 _aeng
_2eng
084 _aF, CRO
_qFEDL
100 _aCrosher G R
_9771550
245 0 _aKen and the kidnappers
260 _aLondon, UK
_bCassell and Company Limited
_c1954
300 _a68p.
490 _aThe onward readers
942 _cTEXL
_hF, CRO
999 _c1372212
_d1372212